000 00290nam a2200133Ia 4500
100 _aSchlaifer
942 _cBK
654 _astatistics
245 _aProbablity & Statistics For Business Decisions
260 _bMc Graw Hill
_c2001
082 _a519
300 _a732
546 _aENGLISH
999 _c31212
_d31212